000
00292nam a2200109Ia 4500
008
200302s9999 xx 000 0 und d
100
_a
Camillo Sitte and Others
245
_a
Camillo sitte the birth of modern city planning
260
_b
Dover publications Inc.
260
_c
1986
300
_a
440
999
_c
6089
_d
6089